| 000 | 00873nmm a2200277 a 4500 | ||
|---|---|---|---|
| 001 | ocm000608157 | ||
| 003 | TR-IsHL | ||
| 005 | 20201028125850.0 | ||
| 008 | 130927s2003 tu tur | ||
| 007 | cr cn | ||
| 020 | _a9789755127644 | ||
| 035 |
_a608157 _b(N$T) |
||
| 050 | 0 | 4 |
_aKKX1270 _b.S67 2003 |
| 090 | 0 | 4 |
_aKKX1270 _b.S67 2003 |
| 245 | 1 | 0 |
_aSorularla yeni iş yasası _h[electronic resource] / _chaz. Murat Demircioğlu |
| 250 | _a1. bs. | ||
| 260 |
_aİstanbul : _bİstanbul Ticaret Odası, _c2003 |
||
| 300 | _a158 p. | ||
| 650 | 4 | _aHukuk | |
| 650 | 4 | _aLaw | |
| 650 | 0 |
_aİş yasaları ve yasama _x Türkiye |
|
| 650 | 0 |
_aLabor laws and legislation _x Turkey |
|
| 650 | 7 |
_aLAW / Labor & Employment _2bisacsh |
|
| 700 | 1 | _aDemircioğlu, Murat | |
| 856 | 4 | 0 | _uhttp://search.ebscohost.com/login.aspx?direct=true&scope=site&db=e011xww&AN=608157 |
| 999 |
_c3712 _d3712 |
||